Fr. Conceicao Rodrigues College of Engineering

Structured Cobal:fundamentals (Record no. 34785)

MARC details
000 -LEADER
fixed length control field 00357nam a2200157Ia 4500
082 ## - DEWEY DECIMAL CLASSIFICATION NUMBER
Classification number 001.6424C
Item number MUR
100 ## - MAIN ENTRY--PERSONAL NAME
Personal name Murach/Michael/ Padgett J
250 ## - EDITION STATEMENT
Edition statement 3
245 ## - TITLE STATEMENT
Title Structured Cobal:fundamentals
260 ## - PUBLICATION, DISTRIBUTION, ETC.
Name of publisher, distributor, etc. Science Research Associates
Place of publication, distribution, etc. Chicago
Date of publication, distribution, etc. 1985
300 ## - PHYSICAL DESCRIPTION
Extent 514 0
546 ## - LANGUAGE NOTE
Language note ENGLISH
654 ## - SUBJECT ADDED ENTRY--FACETED TOPICAL TERMS
Focus term cobal
942 ## - ADDED ENTRY ELEMENTS (KOHA)
Koha item type Reference Book
Holdings
Withdrawn status Lost status Damaged status Not for loan Collection Home library Current library Shelving location Date acquired Cost, normal purchase price Total Checkouts Full call number Barcode Date last seen Cost, replacement price Price effective from Koha item type
        CRC Fr. Agnel's C.Rodrigues College of Engineering Fr. Agnel's C.Rodrigues College of Engineering   17/03/2023 539.40   001.6424C MUR 2607 17/03/2023 539.40 17/03/2023 Reference Book